<?xml version="1.0" encoding="UTF-8"?>
<record
    xmlns:xsi="http://www.w3.org/2001/XMLSchema-instance"
    xsi:schemaLocation="http://www.loc.gov/MARC21/slim http://www.loc.gov/standards/marcxml/schema/MARC21slim.xsd"
    xmlns="http://www.loc.gov/MARC21/slim">

  <leader>01315nam a22002537a 4500</leader>
  <controlfield tag="005">20231102151544.0</controlfield>
  <controlfield tag="008">130415s20032010mx a          000 0 spa d</controlfield>
  <datafield tag="020" ind1=" " ind2=" ">
    <subfield code="a">978-970-24-0402-9</subfield>
  </datafield>
  <datafield tag="050" ind1=" " ind2=" ">
    <subfield code="a">PC4706 D67 2010</subfield>
    <subfield code="b">1</subfield>
  </datafield>
  <datafield tag="100" ind1=" " ind2="1">
    <subfield code="a">DOSAL G&#xD3;MEZ, Mar&#xED;a Rosario</subfield>
    <subfield code="e">autor</subfield>
  </datafield>
  <datafield tag="245" ind1="1" ind2="0">
    <subfield code="a">Lengua Espa&#xF1;ola :</subfield>
    <subfield code="b">espa&#xF1;ol IV</subfield>
    <subfield code="c">/ Mar&#xED;a Rosario Dosal G&#xF3;mez, Ma. Eugenia Herera Lima, Frida Zacaula Sampieri</subfield>
  </datafield>
  <datafield tag="250" ind1=" " ind2=" ">
    <subfield code="a">2 ed.</subfield>
  </datafield>
  <datafield tag="260" ind1=" " ind2=" ">
    <subfield code="a">M&#xE9;xico : </subfield>
    <subfield code="b">Patria,</subfield>
    <subfield code="c">2010.</subfield>
  </datafield>
  <datafield tag="300" ind1=" " ind2=" ">
    <subfield code="a">425 p. ;</subfield>
    <subfield code="b">il. :</subfield>
    <subfield code="c">25 cm.</subfield>
  </datafield>
  <datafield tag="337" ind1=" " ind2=" ">
    <subfield code="a">Texto</subfield>
  </datafield>
  <datafield tag="338" ind1=" " ind2=" ">
    <subfield code="a">Sin medio</subfield>
  </datafield>
  <datafield tag="339" ind1=" " ind2=" ">
    <subfield code="a">Volum&#xE9;n</subfield>
  </datafield>
  <datafield tag="500" ind1=" " ind2=" ">
    <subfield code="a">Bachillerato Tecnol&#xF3;gico
</subfield>
  </datafield>
  <datafield tag="505" ind1=" " ind2=" ">
    <subfield code="a">La literatura espa&#xF1;ola del siglo de oro, las funciones de la lengua -- El romanticismo en Esap&#xF1;a, la estrucutura de la oraci&#xF3;n activa --
El realismo espa&#xF1;ol, la estructura de la oraci&#xF3;n pasiva -- La generaci&#xF3;n del 98, El verbo -- El novencentismo, uso de los derivados verbales -- La generasci&#xF3;n del 27 y la del 36, lasubordinaci&#xF3;n sustantiva -- La literatura espa&#xF1;ola de la posguerra, la subordinaci&#xF3;n adjetiva -- Literatura espa&#xF1;ola en la segunda mitad del siglo XX, La subordinaci&#xF3;n adversarial.</subfield>
  </datafield>
  <datafield tag="650" ind1=" " ind2=" ">
    <subfield code="a">1.Espa&#xF1;ol</subfield>
    <subfield code="x">Estudio y ense&#xF1;anza (Media)</subfield>
  </datafield>
  <datafield tag="700" ind1=" " ind2=" ">
    <subfield code="a">HERRERA LIMA, Ma. Eugenia </subfield>
    <subfield code="e">coaut.</subfield>
  </datafield>
  <datafield tag="700" ind1=" " ind2=" ">
    <subfield code="a">ZACULA SAMPIERI, Frida</subfield>
    <subfield code="e">coaut.</subfield>
  </datafield>
  <datafield tag="942" ind1=" " ind2=" ">
    <subfield code="2">ddc</subfield>
    <subfield code="c">HMAN</subfield>
  </datafield>
  <datafield tag="952" ind1=" " ind2=" ">
    <subfield code="0">0</subfield>
    <subfield code="1">0</subfield>
    <subfield code="2">lcc</subfield>
    <subfield code="4">0</subfield>
    <subfield code="7">0</subfield>
    <subfield code="a">04</subfield>
    <subfield code="b">04</subfield>
    <subfield code="d">2013-04-15</subfield>
    <subfield code="l">0</subfield>
    <subfield code="o">PC4706 D67 2010</subfield>
    <subfield code="p">05 001293</subfield>
    <subfield code="r">2023-05-30</subfield>
    <subfield code="t">1</subfield>
    <subfield code="w">2013-04-15</subfield>
    <subfield code="y">LB</subfield>
  </datafield>
  <datafield tag="999" ind1=" " ind2=" ">
    <subfield code="c">89447</subfield>
    <subfield code="d">89447</subfield>
  </datafield>
</record>
